Normal view
MARC view
- DR SAJID ULLAH
Entry Personal Name
001 - CONTROL NUMBER
- control field: 71895
003 - CONTROL NUMBER IDENTIFIER
- control field: NUST
005 - DATE AND TIME OF LATEST TRANSACTION
- control field: 20210628204713.0
008 - FIXED-LENGTH DATA ELEMENTS
- fixed length control field: 210628|| aca||aabn | a|a d
040 ## - CATALOGING SOURCE
- Original cataloging agency: NUST
- Transcribing agency: NUST
100 ## - HEADING--PERSONAL NAME
- Personal name: DR SAJID ULLAH
670 ## - SOURCE DATA FOUND
- Source citation: Work cat.: (NUST): OMER,HAROON,ZAIN 71894, PR-SOF-1373-DESIGN AND FABRICATION OF WORKING MODEL OF 5 AXIS CNC MILLING MACHINE
